|
|
|
|
| LEADER |
00000cam a2200000 a 4500 |
| 001 |
vtls008404024 |
| 003 |
SK-MaSNL |
| 005 |
20260301141345.0 |
| 008 |
251124s1929 xo 0 0 p slo |
| 015 |
|
|
|a SKSNBA19191938-013668
|
| 035 |
|
|
|a SK01SNKBSKHR20010096241
|
| 035 |
|
|
|a SKM000098704
|
| 040 |
|
|
|a SNK
|b slo
|c SNK
|e AACR2
|
| 041 |
0 |
|
|a slo
|
| 044 |
|
|
|a xo
|c SK
|
| 072 |
|
7 |
|a 821.162.4-1
|x Slovenská poézia
|2 konspekt
|
| 080 |
|
|
|a 821.162.4-1
|2 2011
|
| 080 |
|
|
|a 82-1/-9
|2 2011
|
| 100 |
1 |
|
|a Vajanský, Svetozár Hurban,
|d 1847-1916
|4 aut
|9 110614
|
| 245 |
1 |
0 |
|a Herodes
|c Svetozár Hurban Vajanský
|
| 260 |
|
|
|a Turčiansky Sv. Martin
|b Matica slovenská
|c 1929
|e Martin
|f Matica slovenská
|f Kníhtlačiarsky účastinársky spolok
|
| 300 |
|
|
|a 38, [1] s.
|c 8°
|
| 490 |
1 |
|
|a Čítanie študujúcej mládeže
|v č. 21
|
| 500 |
|
|
|a Pozn. od Št. Krčméryho
|
| 505 |
0 |
|
|a Slovníček
|
| 561 |
|
|
|a Proveniencia: Peč.: Mestská verejná knižnica Banská Bystrica. -- Krajská ľudová knižnica Banská Bystrica. -- Tlač. exlibris: Ex Libris [Štátnej vedeckej knižnice v Banskej Bystrici].
|5 SVKBB: svkbbS 53637
|
| 655 |
|
7 |
|a umelecká literatúra
|2 SNKPH
|9 60405
|
| 655 |
|
7 |
|a slovenská poézia
|2 SNKPH
|9 70444
|
| 700 |
1 |
|
|a Krčméry, Štefan,
|d 1892-1955
|4 oth
|9 5358
|
| 710 |
2 |
|
|a Mestská verejná knižnica (Banská Bystrica, Slovensko)
|4 fmo
|9 139745
|
| 710 |
2 |
|
|a Krajská ľudová knižnica (Banská Bystrica, Slovensko)
|4 fmo
|9 139661
|
| 830 |
|
0 |
|a Čítanie študujúcej mládeže
|9 278830
|
| 852 |
|
|
|a Slovenská národná knižnica v Martine
|b 10000
|h MS SD 612/21
|
| 852 |
|
|
|a Univerzitná knižnica v Bratislave
|b 300000
|h SF 709
|
| 852 |
|
|
|a Univerzitná knižnica v Bratislave
|b 300000
|h XXF 286
|
| 852 |
|
|
|a Štátna vedecká knižnica v Banskej Bystrici
|
| 958 |
|
|
|a RK
|
| 958 |
|
|
|a TL
|
| 958 |
|
|
|a DG
|
| 999 |
|
|
|c 766921
|d 768851
|
| 952 |
|
|
|a SNK
|b SNK
|y PREZ
|7 0
|p 17A0861294
|o snkSD 612/21
|i snk2193/29
|0 0
|1 0
|4 0
|d 2014-06-03
|l 0
|r 2025-10-16 00:00:00
|w 2026-02-24
|
| 952 |
|
|
|a SNK
|b SNK
|y VYP
|7 0
|p 17A0073175
|o snkSD 612/21 D1
|0 0
|1 0
|4 0
|d 2014-06-03
|l 0
|r 2026-02-24 00:22:47
|w 2026-02-24
|
| 952 |
|
|
|a SNK
|b SNK
|y VYP
|7 0
|p 17A0370189
|o snkSD 612/21 D2
|0 0
|1 0
|4 0
|d 2014-06-03
|l 0
|r 2026-02-24 00:22:47
|w 2026-02-24
|
| 952 |
|
|
|a SNK
|b SNK
|y VYP
|7 0
|p 17A0370188
|o snkSD 612/21 D3
|0 0
|1 0
|4 0
|d 2014-06-03
|l 0
|r 2026-02-24 00:22:47
|w 2026-02-24
|